ბათუმის შოთა რუსთაველის სახელმწიფო უნივერსიტეტის ბიბლიოთეკა

სიყვარულმა მათქმევინა (ბიბ.ჩანაწერი № 42495)

000 -LEADER
fixed length control field 00793nam a2200229Ia 4500
001 - CONTROL NUMBER
control field 9192
003 - CONTROL NUMBER IDENTIFIER
control field GE_BSU
008 - FIXED-LENGTH DATA ELEMENTS--GENERAL INFORMATION
fixed length control field 181216s||||||||xx |||||||||||||| ||und||
040 ## - CATALOGING SOURCE
Transcribing agency GE_BSU
080 ## - UNIVERSAL DECIMAL CLASSIFICATION NUMBER
Universal Decimal Classification number 821.353.1.09+821.353.1-11
100 ## - MAIN ENTRY--PERSONAL NAME
Personal name ლორთქიფანიძე,კონსტანტინე
245 ## - TITLE STATEMENT
Title სიყვარულმა მათქმევინა
245 ## - TITLE STATEMENT
Remainder of title წერილები
245 ## - TITLE STATEMENT
Statement of responsibility, etc. რედ.გ.ნატროშვილი.მხატვ. ს.ცინცაძე
260 ## - PUBLICATION, DISTRIBUTION, ETC.
Place of publication, distribution, etc. თბილისი
260 ## - PUBLICATION, DISTRIBUTION, ETC.
Name of publisher, distributor, etc. ნაკადული
260 ## - PUBLICATION, DISTRIBUTION, ETC.
Date of publication, distribution, etc. 1974
300 ## - PHYSICAL DESCRIPTION
Extent 250გვ.17სმ.
653 ## - INDEX TERM--UNCONTROLLED
Uncontrolled term სიყვარულმა მათქმევინა
653 ## - INDEX TERM--UNCONTROLLED
Uncontrolled term წერილები
942 ## - ADDED ENTRY ELEMENTS (KOHA)
Koha item type წიგნი
ეგზემპლარები
Withdrawn status Lost status Damaged status Not for loan Date acquired Barcode Date last seen Price effective from Koha item type
        2018-12-17 32042 2018-12-17 2018-12-17 წიგნი
        2018-12-17 32043 2018-12-17 2018-12-17 წიგნი
        2018-12-17 32044 2018-12-17 2018-12-17 წიგნი
        2018-12-17 22292 აგრ.ტექ.ბიბლ. 2018-12-17 2018-12-17 წიგნი
        2018-12-17 22293 აგრ.ტექ.ბიბლ. 2018-12-17 2018-12-17 წიგნი